Business Ethics: (Record no. 173993)

MARC details
000 -LEADER
fixed length control field 00743nam a22002297a 4500
005 - DATE AND TIME OF LATEST TRANSACTION
control field 20200313145400.0
010 ## - LCCN (DPL NO)
LC control number ENG-128028
020 ## - INTERNATIONAL STANDARD BOOK NUMBER
International Standard Book Number 9789353437442
Terms of availability 650.00
035 ## - SYSTEM CONTROL NUMBER
System control number EN-111560
037 ## - SOURCE OF ACQUISITION
Source of stock number/acquisition DBAD/PUB
082 ## - DEWEY DECIMAL CLASSIFICATION NUMBER
Classification number 174.4
100 ## - MAIN ENTRY--PERSONAL NAME
Personal name Fernando,A.C
245 ## - TITLE STATEMENT
Title Business Ethics:
Statement of responsibility, etc by A.C. Fernando, K.P. Muraleedharan [and] E.K.Satheesh
Remainder of title an Indian Perspective/
250 ## - EDITION STATEMENT
Edition statement 3rd.
260 ## - PUBLICATION, DISTRIBUTION, ETC. (IMPRINT)
Place of publication, distribution, etc Noida
Name of publisher, distributor, etc Pearson
Date of publication, distribution, etc 2020
270 ## - ADDRESS
Address 15th floor,Tower-B,World Trade Tower,plot no.1,Block-c,sector 16
City Noida
Postal code 201301
300 ## - PHYSICAL DESCRIPTION
Extent xvii;588p.
Dimensions 26cm(pbk)
500 ## - GENERAL NOTE
General note includes bibliographical references and index
700 ## - ADDED ENTRY--PERSONAL NAME
Personal name Muraleedharan,K.P
700 ## - ADDED ENTRY--PERSONAL NAME
Personal name Satheesh,E.K
942 ## - ADDED ENTRY ELEMENTS (KOHA)
Source of classification or shelving scheme Dewey Decimal Classification
Item type English Books
Classification part 174.4
Call number suffix FER
Holdings
Withdrawn status Lost status Not for loan Collection code Home library Current library Date acquired Source of acquisition Cost, normal purchase price Full call number Barcode Copy number Cost, replacement price Koha item type
      Non-fiction Central Library Central Library 13/03/2020 DBAD/PUB 650.00 174.4 FER EN-111560 1 650.00 English Books

© Delhi Public Library
Hit Counter
free hit counter